[Event "Ambelokipi op 156th"]
[Site "Athens"]
[Date "2015.12.23"]
[Round "7"]
[White "Kanellopoulos, Georgios G"]
[Black "Badredin, Panagiotis"]
[Result "1-0"]
[WhiteElo "1699"]
[BlackElo "1955"]
[PlyCount "69"]
[EventDate "2015.11.11"]
[EventType "swiss"]
[EventRounds "7"]
[EventCountry "GRE"]
[SourceTitle "EXT 2024"]
[Source "ChessBase"]
[SourceDate "2023.10.10"]
[SourceVersion "1"]
[SourceVersionDate "2023.10.10"]
[SourceQuality "1"]

1. e4 c5 2. Nf3 e6 3. Nc3 Nc6 4. d4 cxd4 5. Nxd4 Qc7 6. Be3 a6 7. Qf3 Nf6 8. 0-0-0 Bb4 9. Nxc6 bxc6 10. Bg5 Be7 11. Bd3 e5 12. Ne2 d6 13. Bxf6 Bxf6 14. g4 Be6 15. h4 d5 16. Ng3 d4 17. g5 Be7 18. Nf5 Rg8 19. Qe2 Bxa2 20. Bc4 Qa5 21. Nxe7 Kxe7 22. Rh3 Bxc4 23. Qxc4 Qb5 24. Qa2 a5 25. Rb3 Qa6 26. Qa3+ Ke6 27. Qc5 Rgb8 28. Rc3 Rb6 29. f4 Qb5 30. f5+ Kd7 31. Qa3 Qb4 32. Qa2 Qe7 33. Rf3 Ra7 34. f6 Qf8 35. fxg7 1-0